000 00653nam a2200217Ii 4500
003 JO-AjNU
008 230606s9999||||xx |||||||||||||| ||und||
020 _a0-03-010309-6
040 _aJO-AjNU
_beng
_erda
_cJO-AjNU
041 _aeng
050 1 4 _aHF5635.W164 1996
100 3 _aHanson,Ernest I/ Hamre,James C,
_eauthor
_93092
245 0 0 _aFinancial Accounting
250 _a8th ed
264 3 1 _aFort Worth : The Dryden Press,1996
300 _a637p
_b Includes appendix indexes(p606-637)
336 _atext
_btxt
_2rdacontent
337 _aunmediated
_bn
_2rdamedia
338 _avolume
_bnc
_2rdacarrier
650 4 _aFinancial Accounting
_93093
999 _aE1621
_c1621
_d1621